[Event "IRL-ch 100th First Week"]
[Site "Dublin"]
[Date "2021.07.25"]
[Round "5"]
[White "Milligan, Kyle"]
[Black "Ryan, Paul"]
[Result "1-0"]
[WhiteElo "700"]
[BlackElo "1269"]
[PlyCount "49"]
[EventDate "2021.07.23"]
[EventType "swiss"]
[EventRounds "5"]
[EventCountry "IRL"]
[SourceTitle "EXT 2022"]
[Source "ChessBase"]
[SourceDate "2021.10.06"]
[SourceVersion "1"]
[SourceVersionDate "2021.10.06"]
[SourceQuality "1"]

1. e4 e6 2. d4 b6 3. Nf3 Bb7 4. Bd3 c5 5. c3 Qc7 6. Be3 c4 7. Bc2 b5 8. Nbd2 Nf6 9. 0-0 h6 10. e5 Nd5 11. Qe2 Be7 12. Ne4 Na6 13. Nfd2 0-0 14. f4 Nxe3 15. Qxe3 Qc6 16. Rf3 f5 17. exf6 Bxf6 18. Nxf6+ Rxf6 19. Rg3 Nc7 20. Qe5 Rf7 21. Ne4 Ne8 22. Qh5 Nf6 23. Nxf6+ Rxf6 24. Qe5 d6 25. Qxf6 1-0